000 00248nam a22000977a 4500
008 160512b xxu||||| |||| 00| 0 eng d
041 _aeng
080 _a616.12
245 _aPhysical diagnosis of heart disease:
_cNoble O. Fowler M.D;
942 _2udc
_cBK
999 _c2106
_d2106